01903nam a2200337 i 450000500170000000800410001702000150005804000350007304100080010808200190011610000370013524501420017225000230031426400280033730000400036533600270040533700330043233800280046560000460049365000280053970000410056794200120060899900150062095201320063595201330076795201350090095201310103595201320116695201330129895201340143120220317000515.0160601s2003 ag a gs 000 0 spa d a8481561819 aCO-BoRNBPbspacCO-BoRNBPerda0 aspa04a759.9492bD28b1 aDevitini Dufour, Alessia,eautor13aEl Boscoblocura, vicios y virtudesba la deriva entre la realidad y la fantasíacAlessia Devitini Dufour ; traducción Emilio Alvarez aPrimera edición  1aBarcelonabElectac2003 a143 páginasbilustracionesc21 cm atextobtxt2rdacontent asin mediaciónbn2rdamedia avolumenbnc2rdacarrier14aBosco, Jeronimo Alken,d1450-15169123476142LEMBaPintura holandesa1 aAlvarez, Emilio,etraductor 9123477 2ddccBK c4240d4240 00102ddc40708GENaMEPRICObMEPRICOcGENd2023-04-10l0o759.9492D28bpPR00000897r2023-04-10 00:00:00tEj.1w2023-04-10yBK 00102ddc40708GENaMESMARTIbMESMARTIcGENd2023-08-18l0o759.9492 D28bpSM002376r2023-08-18 19:51:19tEj.1w2023-08-18yBK 00102ddc40708GENaMEMAPIRIbMEMAPIRIcGENd2024-01-09l0o759.9492 D28bpMAP0000929r2024-01-09 19:17:25tEj.1w2024-01-09yBK 00102ddc40708GENaMEURIBEbMEURIBEcGENd2024-08-14l0o759.9492 D28bpURI00978r2024-08-14 14:21:04tEj.1w2024-08-14yBK 00102ddc40708GENaMEBAUPIAbMEBAUPIAcGENd2025-07-14l0o759.9492 D28bpBUP1883r2025-07-14 14:33:30tEj.1w2025-07-14yBK 00102ddc40708GENaMEPLOPEZbMEPLOPEZcGENd2025-07-31l0o759.9492 D28bpPLZ02616r2025-07-31 10:52:13tEj.1w2025-07-31yBK 00102lcc40708GENaMEPCONCObMEPCONCOcGENd2026-02-24l0o759.9492 D28bpPCON02295r2026-02-24 19:40:31tEj.1w2026-02-24yBK